00231nam a2200085Ia 4500008004100000100001700041245003600058260004200094260000900136170620s9999 xx 000 0 und d aPanda- B. N. 0aAdvanced Educational Psychology bNew Delhi- Discovery Publishing House c2005